Caracterización biológica y socioeconómica de una ventaja de paisaje rural de 2500 Has. en la cuenca del río Banco - torre 4 (Registro nro. 6056)
[ vista simple ]
| 000 -CABECERA | |
|---|---|
| Campo de control | 01923nam a2200253 a 4500 |
| 090 ## - CLASIFICACIÓN LOCAL | |
| Colección | IAVH |
| Consecutivo | 00765 CD-1 |
| 041 ## - IDIOMA | |
| Código de idioma para texto/pista de sonido o título separado | Español |
| 110 ## - ASIENTO PRINCIPAL--NOMBRE CORPORATIVO | |
| Unidad subordinad | PROCUENCA |
| 245 ## - MENCION DE TITULO | |
| Título | Caracterización biológica y socioeconómica de una ventaja de paisaje rural de 2500 Has. en la cuenca del río Banco - torre 4 |
| 260 ## - PUBLICACION, DISTRIBUCION, ETC. (PIE DE IMPRENTA) | |
| Lugar de publicación, distribución, etc. | Manizales |
| Nombre del editor, distribuidor, etc. | PROCUENCA |
| -- | INFIMANIZALES |
| -- | Instituto Alexander von Humboldt |
| Fecha de publicación, distribución, etc. | 2004 |
| 300 ## - DESCRIPCION FISICA | |
| Extensión | 205 p. |
| 520 ## - NOTA DE RESUMEN, ETC. | |
| Nota de resumen | En primer lugar se presenta una Caracterización biológica y socioeconómica de una ventaja de paisaje rural de 2500 Has. en la cuenca del río Banco que incluye Resumen de la metodología empleada en la ventana de caracterización: plantas; aves; insectos-hormigas; caracterización socioeconómica; Elementos del paisaje muestreados en la ventana; Datos preliminares caracterización socioeconómca y Datos preliminares caracterización biológica. En segundo lugar se analiza la aplicación de la exoneración del impuesto predial como incentivo para la conservación en Manizales: impacto de la exención en los ingresos del municipio, papel de las exenciones dentro de las finanzas municipales, fundamentos de la exención predial para conservación de bosques en el municipio de Manizales (criterios de otorgamiento), aplicación de la exención (procedimientos, implementación y seguimiento), instrumento (usuarios actuales y potenciales) |
| 650 ## - ASIENTO SECUNDARIO DE MATERIA - TERMINO TEMATICO | |
| Término temático o nombre geográfico como elemento de entrada | Conservación |
| 650 ## - ASIENTO SECUNDARIO DE MATERIA - TERMINO TEMATICO | |
| Término temático o nombre geográfico como elemento de entrada | Biodiversidad |
| 650 ## - ASIENTO SECUNDARIO DE MATERIA - TERMINO TEMATICO | |
| Término temático o nombre geográfico como elemento de entrada | Caracterización biológica |
| 650 ## - ASIENTO SECUNDARIO DE MATERIA - TERMINO TEMATICO | |
| Término temático o nombre geográfico como elemento de entrada | Caracterización socioeconómica |
| 650 ## - ASIENTO SECUNDARIO DE MATERIA - TERMINO TEMATICO | |
| Término temático o nombre geográfico como elemento de entrada | Paisaje rural |
| 650 ## - ASIENTO SECUNDARIO DE MATERIA - TERMINO TEMATICO | |
| Término temático o nombre geográfico como elemento de entrada | Elementos del paisaje |
| 650 ## - ASIENTO SECUNDARIO DE MATERIA - TERMINO TEMATICO | |
| Término temático o nombre geográfico como elemento de entrada | Exención de impuesto |
| 650 ## - ASIENTO SECUNDARIO DE MATERIA - TERMINO TEMATICO | |
| Término temático o nombre geográfico como elemento de entrada | Incentivos |
| 662 ## - ASIENTO SECUNDARIO DE MATERIA - JERARQUIA DEL NOMBRE DE LUGAR( | |
| País o entidad mayor | Colombia |
| Jurisdicción política intermedia | Río Blanco |
| Ciudad | Manizales |
| Jurisdicción política de primer orden | Caldas |
| 710 ## - ASIENTO SECUNDARIO - NOMBRE CORPORATIVO | |
| Nombre corporativo o de jurisdicción como elemento de entrada | ^aINFIMANIZALES |
| 773 0# - Item fuente: | |
| Host Biblionumber | 5986 |
| Host Itemnumber | 9704 |
| Asiento principal | |
| Edición | |
| Lugar, editorial y fecha de publicación | Bogotá Informatica documental 2007 |
| Otro identificador del ítem - Codigo de Barras | 024802 |
| Título | Informes de investigaciones IAVH en PDF |
| Número de control del registro | |
| Número Internacional Normalizado para Publicaciones Seriadas - ISSN | |
| Número Internacional Normalizado para Libros - ISBN | |
No hay ítems disponibles.